[Event "Mistrzostwa Polski Juniorow do lat 18 - Dziewczeta"]
[Site "Ustron – Jaszowiec"]
[Date "1899-12-30"]
[Round "3.17"]
[White "Walkowiak, Bogumila"]
[Black "Wierzbowska, Aleksandra"]
[Result "1/2-1/2"]
[WhiteTitle "II+"]
[BlackTitle "I"]
[WhiteElo "1345"]
[BlackElo "1573"]

1. e4 c5 2. Nf3 Nc6 3. d4 cxd4 4. Nxd4 e5 5. Nb5 d6 6. c4 Be6 7. N1c3 a6 8. Na3
Be7 9. Be3 Nf6 10. Be2 O-O 11. O-O Ne8 12. Kh1 Bg5 13. Nc2 Rc8 14. Qd2 Bxe3 15.
Nxe3 Nd4 16. Ncd5 Nf6 17. f3 Nxd5 18. Nxd5 Bxd5 19. exd5 f6 20. Rac1 Rf7 21. f4
Nxe2 22. Qxe2 exf4 23. Rxf4 Re7 24. Re4 Rxe4 25. Qxe4 Qe8 26. Re1 Qxe4 27. Rxe4
Kf7 28. Kg1 f5 29. Rd4 Kf6 30. Kf2 Re8 31. b4 Rc8 32. Ke3 Ke5 33. a4 b6 34. g4
g6 35. h3 Rf8 36. gxf5 gxf5 37. Rf4 Rg8 38. Rf3 f4+ 39. Rxf4 Rg3+ 40. Rf3 Rxf3+
41. Kxf3 Kd4 42. c5 bxc5 43. bxc5 Kxc5 44. Ke4 a5 45. h4 h5 46. Kf5 Kxd5 47. Kg5
Ke5 48. Kxh5 Kf5 49. Kh6 d5 50. h5 d4 51. Kg7 d3 52. h6 d2 53. h7 d1=Q 54. h8=Q
Qd4+ 55. Kg8 Qd5+ 56. Kf8 Qd6+ 57. Kg8 Qe6+ 58. Kf8 Qf6+ 59. Qxf6+ Kxf6 60. Ke8
Ke6 61. Kf8 Kd5 62. Kf7 Kc4 63. Ke6 Kc3 64. Kd5 Kb3 65. Kc5 Kxa4 1/2-1/2

[Event "Mistrzostwa Polski Juniorow do lat 18 - Dziewczeta"]
[Site "Ustron – Jaszowiec"]
[Date "1899-12-30"]
[Round "4.1"]
[White "Kiolbasa, Oliwia"]
[Black "Dmochowska, Agnieszka"]
[Result "1/2-1/2"]
[WhiteTitle "WIM"]
[BlackTitle "WCM"]
[WhiteElo "2204"]
[BlackElo "2133"]

1. e4 c5 2. Nf3 Nc6 3. d4 cxd4 4. Nxd4 Nf6 5. Nc3 d6 6. Bg5 e6 7. Qd2 Be7 8. f3
O-O 9. O-O-O Nxd4 10. Qxd4 a6 11. h4 b5 12. Kb1 Bb7 13. Qd2 Rc8 14. Bd3 Re8 15.
Ne2 Nd7 16. Nd4 d5 17. Qe1 dxe4 18. Bxe4 Bxe4 19. Qxe4 Nc5 20. Qg4 Qb6 21. h5
Bxg5 22. Qxg5 h6 23. Qe3 Na4 24. g4 Qc5 25. Qe2 Qb4 26. Nb3 Qc4 27. Qf2 e5 28.
Rhe1 Red8 29. Rc1 Rd5 30. Re4 Qc6 31. Qe2 Qd6 32. Re1 Qc7 33. f4 f6 34. g5 hxg5
35. fxg5 Nc5 36. Nxc5 Rxc5 37. c3 fxg5 38. Qg4 Qe7 39. Rg1 Rd8 40. Qxg5 Qd7 41.
h6 Qd3+ 42. Kc1 Rd7 43. Rxe5 1/2-1/2

[Event "Mistrzostwa Polski Juniorow do lat 18 - Dziewczeta"]
[Site "Ustron – Jaszowiec"]
[Date "1899-12-30"]
[Round "4.2"]
[White "Antolak, Julia"]
[Black "Marczuk, Anna"]
[Result "1-0"]
[WhiteTitle "WFM"]
[BlackTitle "k"]
[WhiteElo "2102"]
[BlackElo "2001"]

1. e4 c5 2. Nf3 d6 3. d4 cxd4 4. Nxd4 Nf6 5. Nc3 a6 6. Bg5 e6 7. f4 Qb6 8. Qd3
Nc6 9. Nxc6 Qxc6 10. Bxf6 gxf6 11. Be2 Rg8 12. Bf3 Qb6 13. O-O-O Rg7 14. Rhe1
Qc7 15. e5 fxe5 16. fxe5 dxe5 17. Rxe5 Be7 18. Re4 f5 19. Rc4 Bg5+ 20. Kb1 Qe5
21. g4 Qe3 22. Qf1 Kf8 23. gxf5 exf5 24. Nd5 Qa7 25. h4 b5 26. Rcd4 Bd8 27. Nb4
Bb6 28. Nc6 Qc7 29. Rd8+ Kf7 30. Bh5+ Rg6 31. Qf3 Qh2 32. Bxg6+ hxg6 33. R8d6
Bc7 34. Nd8+ 1-0

[Event "Mistrzostwa Polski Juniorow do lat 18 - Dziewczeta"]
[Site "Ustron – Jaszowiec"]
[Date "1899-12-30"]
[Round "4.3"]
[White "Parol, Pola"]
[Black "Stebel, Agata"]
[Result "1-0"]
[WhiteTitle "k+"]
[BlackTitle "k"]
[WhiteElo "1960"]
[BlackElo "1795"]

1. e4 d6 2. d4 Nf6 3. Nc3 e5 4. Nf3 Nbd7 5. h3 c6 6. a4 Be7 7. Bc4 O-O 8. Ba2 Rb8
9. Be3 Qc7 10. dxe5 dxe5 11. Bxa7 Ra8 12. Be3 Bb4 13. Qd3 Kh8 14. O-O Bxc3 15.
bxc3 Rxa4 16. Ng5 Qa5 17. f4 Rxa2 18. Rxa2 Qxa2 19. fxe5 Nxe5 20. Qd6 Ng6 21.
Rxf6 Re8 22. Rxf7 Qa5 23. Nf3 Be6 24. Rxb7 Qa1+ 25. Kh2 Qa8 26. Qc7 Rg8 27. Bd4
Qf8 28. Ng5 Bc4 29. Qg3 Qf4 30. Qxf4 Nxf4 31. Rc7 h6 32. Rxc6 Re8 33. Rxh6+ Kg8
34. Rc6 Ne6 35. Nxe6 Bxe6 36. Rc7 Bf7 37. e5 Be6 38. c4 Ra8 39. c3 Ra4 40. Re7
Ra6 41. Ra7 Rxa7 42. Bxa7 Bxc4 43. g4 Kf7 44. Kg3 Bf1 45. h4 Ke6 46. Kf4 Bd3 47.
Ke3 Bc2 48. Kd4 Bd1 49. g5 g6 50. c4 Bf3 51. Bb8 Bd1 52. Kc5 Be2 53. Kb4 Bd3 54.
Bd6 Be2 55. c5 Kd5 56. Ka5 Kc6 57. e6 Bc4 58. e7 Bf7 59. Ka6 Be8 60. Ka7 Bd7 61.
Kb8 Kd5 62. Kc7 Ke6 63. Kd8 Kd5 1-0

[Event "Mistrzostwa Polski Juniorow do lat 18 - Dziewczeta"]
[Site "Ustron – Jaszowiec"]
[Date "1899-12-30"]
[Round "4.4"]
[White "Kozubal, Aleksandra"]
[Black "Cieslak, Wiktoria"]
[Result "0-1"]
[WhiteTitle "I++"]
[BlackTitle "k++"]
[WhiteElo "1747"]
[BlackElo "1957"]

1. d4 Nf6 2. c4 e6 3. Nf3 b6 4. g3 Bb7 5. Bg2 Bb4+ 6. Bd2 Qe7 7. a3 Bxd2+ 8. Nbxd2
c5 9. Nb3 O-O 10. O-O d6 11. Re1 e5 12. e3 Nfd7 13. Nc1 e4 14. Nd2 f5 15. Ne2
Nf6 16. Nf4 g5 17. Ne2 Nbd7 18. b4 Kh8 19. Rb1 Rf7 20. Nb3 Ba6 21. Nd2 Qe6 22.
Qc2 Rc8 23. d5 Qe8 24. Qa4 Nb8 25. b5 Rcc7 26. Qb3 Bc8 27. f4 exf3 28. Nxf3 h6
29. Qc3 Rce7 30. Rb3 Kg8 31. Nd2 Nbd7 32. Nf3 Ng4 33. Nc1 Ndf6 34. Re2 f4 35.
gxf4 gxf4 36. Qd3 Rxe3 37. Qg6+ Rg7 38. Qxe8+ Nxe8 39. h3 Rxe2 40. Nxe2 Ne3 41.
Nxf4 Nxg2 42. Nxg2 Bxh3 43. Nfh4 Bxg2 44. Nxg2 Rg4 45. Re3 Ng7 46. Rc3 Nf5 47.
Kf2 Kg7 48. Rf3 Rxg2+ 49. Kxg2 Nh4+ 50. Kg3 Nxf3 51. Kxf3 Kf6 52. Kf4 h5 53. a4
h4 54. Kg4 Ke5 0-1

[Event "Mistrzostwa Polski Juniorow do lat 18 - Dziewczeta"]
[Site "Ustron – Jaszowiec"]
[Date "1899-12-30"]
[Round "4.5"]
[White "Topolan, Agata"]
[Black "Murawko, Julia"]
[Result "0-1"]
[WhiteTitle "k+"]
[BlackTitle "I++"]
[WhiteElo "1934"]
[BlackElo "1733"]

1. c4 e5 2. Nc3 Nc6 3. d3 g6 4. g3 Bg7 5. Bg2 d6 6. e3 Nge7 7. Nge2 Bg4 8. Nd5
O-O 9. h3 Be6 10. Nec3 Qd7 11. Nb5 Rfc8 12. O-O a6 13. Nbc3 Bxh3 14. Nxe7+ Nxe7
15. Bxb7 Bxf1 16. Bxc8 Rxc8 17. Qxf1 c6 18. Rb1 f5 19. Na4 Rf8 20. c5 Nd5 21.
f4 exf4 22. gxf4 Re8 23. Nb6 Nxb6 24. cxb6 Qb7 25. Bd2 Qxb6 26. d4 d5 27. b3 Bf8
28. Rc1 c5 29. Qf2 cxd4 30. exd4 Bg7 31. Bc3 Re4 32. Kg2 Qd6 33. Rf1 Qc7 34. Bb2
Qe7 35. Kf3 Bh6 36. Bc1 Qb4 37. Be3 Bg7 38. Rd1 Qe7 39. Rc1 h6 40. Rc6 g5 41.
fxg5 hxg5 42. Rc8+ Kf7 43. Kg2 f4 44. Qc2 Qe6 45. Rc7+ Kg8 46. Rc8+ Kh7 47. Bf2
Qg4+ 48. Kh2 f3 49. Bg3 Qh5+ 50. Kg1 Bxd4+ 51. Bf2 Qg4+ 0-1

[Event "Mistrzostwa Polski Juniorow do lat 18 - Dziewczeta"]
[Site "Ustron – Jaszowiec"]
[Date "1899-12-30"]
[Round "4.6"]
[White "Wojcik, Jagoda"]
[Black "Dwilewicz, Katarzyna"]
[Result "0-1"]
[WhiteTitle "I+"]
[BlackTitle "k"]
[WhiteElo "1719"]
[BlackElo "1933"]

1. e4 e5 2. Nf3 Nc6 3. Nc3 Nf6 4. d4 exd4 5. Nxd4 Bb4 6. Nxc6 bxc6 7. Bd2 O-O 8.
f3 d5 9. exd5 Re8+ 10. Ne2 Nxd5 11. Bxb4 Qh4+ 12. g3 Qxb4+ 13. Kf2 Qxb2 14. Rb1
Qa3 15. Rb3 Qc5+ 16. Nd4 Bf5 17. Qd2 Bxc2 18. Rb2 Ne3 19. Bh3 Ba4 20. Qb4 Nd1+
21. Kg1 Qc1 22. Bd7 Qxb2 23. Qxb2 Nxb2 24. Bxe8 Rxe8 25. Kf2 Nd3+ 26. Kg2 c5 27.
Nb3 Bxb3 28. axb3 Re2+ 29. Kf1 Re1+ 30. Kg2 Rxh1 31. Kxh1 Nc1 32. Kg1 Nxb3 33.
Kf2 c4 34. Ke2 a5 35. Kd1 a4 0-1

[Event "Mistrzostwa Polski Juniorow do lat 18 - Dziewczeta"]
[Site "Ustron – Jaszowiec"]
[Date "1899-12-30"]
[Round "4.7"]
[White "Karykowska, Anna"]
[Black "Jurkiewicz, Zuzanna"]
[Result "0-1"]
[WhiteTitle "I++"]
[BlackTitle "I+"]
[WhiteElo "1830"]
[BlackElo "1603"]

1. e4 c5 2. Nf3 e6 3. d4 cxd4 4. Nxd4 a6 5. Nc3 d6 6. g3 Nf6 7. Bg2 Be7 8. O-O
O-O 9. h3 Qc7 10. Be3 Nbd7 11. f4 Rb8 12. a4 h6 13. a5 Re8 14. g4 Nh7 15. Qf3
b6 16. axb6 Nxb6 17. Nb3 Nc4 18. Bc1 Bf6 19. Qg3 Bb7 20. h4 Qb6+ 21. Kh1 Bxc3
22. bxc3 Nf6 23. Qd3 Rbc8 24. Bf3 d5 25. e5 Ne4 26. Kg2 Red8 27. Qd4 Qc7 28. Ra2
a5 29. Rd1 Ba6 30. Kh2 Bb5 31. Bb2 a4 32. Nc1 Nxb2 33. Rxb2 Nxc3 34. Re1 Qe7 35.
Re3 Rc4 36. Qd2 Qxh4+ 37. Kg2 Rdc8 38. Ne2 a3 39. Rxc3 axb2 40. Rb3 Rxc2 41. Qe3
Bxe2 42. Bxe2 Qxg4+ 43. Kf2 d4 44. Qe4 Qh4+ 45. Kg2 Qe1 0-1

[Event "Mistrzostwa Polski Juniorow do lat 18 - Dziewczeta"]
[Site "Ustron – Jaszowiec"]
[Date "1899-12-30"]
[Round "4.8"]
[White "Ciesinska, Weronika"]
[Black "Pluta, Natalia"]
[Result "0-1"]
[WhiteTitle "I"]
[BlackTitle "I++"]
[WhiteElo "1676"]
[BlackElo "1811"]

1. e4 c5 2. Nc3 g6 3. f4 Bg7 4. Nf3 Nc6 5. Bb5 Nd4 6. O-O Nxb5 7. Nxb5 a6 8. Nc3
b5 9. d3 Bb7 10. Qe1 Nf6 11. Qh4 d6 12. f5 Rc8 13. Bh6 Bxh6 14. Qxh6 gxf5 15.
Ng5 Kd7 16. Rxf5 Qg8 17. Raf1 Qg6 18. Qh3 Kc7 19. e5 dxe5 20. Rxe5 Kb8 21. Rxe7
Qxg5 22. Rxb7+ Kxb7 23. Qf3+ Rc6 24. Ne4 Nxe4 25. Qxe4 f6 26. a4 Qe5 27. Qg4 Qd4+
28. Qxd4 cxd4 29. axb5 axb5 30. Rf5 Kb6 31. Rd5 Rxc2 32. b4 Ra8 33. h3 Raa2 34.
Rd6+ Kc7 35. Rxf6 Rxg2+ 36. Kf1 Rgb2 37. Kg1 Rb1+ 38. Rf1 Rxf1+ 39. Kxf1 Kd6 0-1

[Event "Mistrzostwa Polski Juniorow do lat 18 - Dziewczeta"]
[Site "Ustron – Jaszowiec"]
[Date "1899-12-30"]
[Round "4.9"]
[White "Posuniak, Weronika"]
[Black "Kubicka, Anna"]
[Result "0-1"]
[WhiteTitle "I++"]
[BlackTitle "m"]
[WhiteElo "1803"]
[BlackElo "2211"]

1. e4 Nf6 2. e5 Nd5 3. d4 d6 4. exd6 exd6 5. Bd3 Be7 6. Nf3 Bg4 7. O-O Nc6 8. c3
h6 9. Nbd2 Qd7 10. a4 Nf6 11. b4 Bf5 12. Qc2 Bxd3 13. Qxd3 d5 14. Ba3 O-O 15.
b5 Nd8 16. Ne5 Qe8 17. c4 Bxa3 18. Rxa3 a6 19. Rfa1 Ne6 20. Ndf3 dxc4 21. Qxc4
Qe7 22. bxa6 Rxa6 23. d5 Nc5 24. Re3 Qd6 25. Rc1 b6 26. Nc6 Rxa4 27. Qb5 Re4 28.
Rxe4 Nfxe4 29. Nfd4 Qf4 30. Rc2 Nd6 31. Qb2 Re8 32. Re2 Rxe2 33. Nxe2 Qe4 34.
Kf1 Kh8 35. Qa2 Kh7 36. Ncd4 g6 37. Nf3 Nc4 38. Nd2 Nxd2+ 39. Qxd2 Qb1+ 40. Qc1
Qd3 41. g3 Qxd5 42. Kg1 Ne6 43. Nc3 Qd3 44. Qb2 Nd4 45. f4 Qxc3 0-1

[Event "Mistrzostwa Polski Juniorow do lat 18 - Dziewczeta"]
[Site "Ustron – Jaszowiec"]
[Date "1899-12-30"]
[Round "4.10"]
[White "Knapik, Julia"]
[Black "Pedrak, Paulina"]
[Result "0-1"]
[WhiteTitle "I+"]
[BlackTitle "I"]
[WhiteElo "1658"]
[BlackElo "1466"]

1. e4 c5 2. Nf3 e6 3. d4 cxd4 4. Nxd4 a6 5. Bd3 Qc7 6. Qe2 d6 7. c4 Nf6 8. O-O
Nbd7 9. b3 b6 10. Bb2 Bb7 11. Nc3 Be7 12. Rae1 O-O 13. f4 Nc5 14. Bb1 Rfe8 15.
e5 Nfd7 16. b4 dxe5 17. fxe5 Qxe5 18. Qf2 Qf6 19. bxc5 Qxf2+ 20. Rxf2 Nxc5 21.
Kh1 Bh4 22. Nd1 Rad8 23. Ref1 Bxf2 24. Nxf2 e5 25. Nb3 Na4 26. Ba1 e4 27. Nd4
Rc8 28. Nf5 e3 29. Ng4 e2 30. Re1 Rxc4 31. Nfe3 Rb4 32. Bd3 h5 33. Ne5 Nb2 34.
Nc2 Nxd3 35. Nxd3 Rg4 36. h3 Rxg2 37. Nc1 Rc8 38. Ne3 Rxc1 0-1

[Event "Mistrzostwa Polski Juniorow do lat 18 - Dziewczeta"]
[Site "Ustron – Jaszowiec"]
[Date "1899-12-30"]
[Round "4.11"]
[White "Trybowska, Barbara"]
[Black "Godek, Martyna"]
[Result "1-0"]
[WhiteTitle "I"]
[BlackTitle "I"]
[WhiteElo "1517"]
[BlackElo "1654"]

1. e4 e5 2. Nf3 Nc6 3. Bc4 Bc5 4. d3 h6 5. c3 Nf6 6. O-O O-O 7. b4 Bd6 8. Re1 a6
9. Nh4 b5 10. Bb3 Kh8 11. Nf5 Ng8 12. Qg4 Qf6 13. Re3 Nce7 14. Rh3 Nxf5 15. Bg5
Qg6 16. exf5 Qh7 17. Nd2 Be7 18. Bxe7 Nxe7 19. f6 d5 20. Qh5 gxf6 21. Rg3 Rg8
22. Qf3 Bf5 23. Bxd5 Rxg3 24. fxg3 Nxd5 25. Qxd5 Qg8 26. Qf3 Bg6 27. Qxf6+ Qg7
28. Qf3 Rd8 29. Ne4 f5 30. Nc5 e4 31. dxe4 fxe4 32. Qe3 Rd6 33. Rf1 h5 34. h3
Rf6 35. Rxf6 Qxf6 36. Qd4 Kg7 37. Qxf6+ Kxf6 38. Kf2 Ke5 39. Nxa6 c6 40. Ke3 Kd5
41. Nc5 Kc4 42. Nxe4 Bxe4 43. Kxe4 Kxc3 44. g4 hxg4 45. hxg4 Kxb4 46. g5 c5 47.
g6 c4 48. g7 1-0

[Event "Mistrzostwa Polski Juniorow do lat 18 - Dziewczeta"]
[Site "Ustron – Jaszowiec"]
[Date "1899-12-30"]
[Round "4.12"]
[White "Winter, Anna"]
[Black "Tkaczyk, Weronika"]
[Result "1-0"]
[WhiteTitle "I+"]
[BlackTitle "I"]
[WhiteElo "1503"]
[BlackElo "1565"]

1. e4 e5 2. Nf3 Nc6 3. Bc4 Nf6 4. Ng5 d5 5. exd5 Na5 6. Bb5+ c6 7. dxc6 bxc6 8.
Qf3 Bb7 9. Ba4 Qd4 10. Nc3 Be7 11. Nge4 O-O 12. Nxf6+ Bxf6 13. O-O c5 14. Qe3
Nc4 15. Qxd4 exd4 16. Ne2 Nb6 17. Bb5 c4 18. d3 a6 19. Bxc4 Nxc4 20. dxc4 Rac8
21. Bd2 Rxc4 22. c3 dxc3 23. Bxc3 Bxc3 24. Nxc3 Bc6 25. Rac1 Rc8 26. Ne2 Bb5 27.
Rxc4 Bxc4 28. Rc1 Rd8 29. Nc3 Kf8 30. b3 Be6 31. Rd1 Rxd1+ 32. Nxd1 Ke7 33. Kf1
Kd6 34. Ke1 Kc5 35. Kd2 Kd4 36. Nc3 h5 37. Ne2+ Kc5 38. Nf4 g6 39. Nxe6+ fxe6
40. Kc3 e5 41. h4 e4 42. a3 Kd5 43. b4 Kc6 44. Kc4 Kb6 45. a4 1-0

[Event "Mistrzostwa Polski Juniorow do lat 18 - Dziewczeta"]
[Site "Ustron – Jaszowiec"]
[Date "1899-12-30"]
[Round "4.13"]
[White "Borkowska, Zuzanna"]
[Black "Przepiora, Anna"]
[Result "0-1"]
[WhiteTitle "I"]
[BlackTitle "II+"]
[WhiteElo "1547"]
[BlackElo "1354"]

1. e4 c5 2. Nf3 d6 3. c3 Nf6 4. h3 Nc6 5. Bd3 e5 6. O-O Be7 7. Bc2 O-O 8. a3 d5
9. exd5 Qxd5 10. d3 Bf5 11. Nh4 Be6 12. f4 exf4 13. Bxf4 g5 14. Be3 gxh4 15. Bh6
Rfe8 16. d4 Qh5 17. Qxh5 Nxh5 18. d5 Ng3 19. Rd1 Bf5 20. Ba4 Na5 21. Bxe8 Rxe8
22. d6 Bf6 23. Nd2 Rd8 24. Nf3 Nb3 25. Ra2 Bc2 26. Re1 Nf5 27. Bf4 Nxd6 28. Nh2
Ne4 29. Ng4 Rd1 30. Rxd1 Bxd1 31. Ne3 Be2 32. Nd5 Kg7 33. a4 Bd8 34. a5 Bxa5 35.
Ra3 c4 36. Bc7 Bxc7 37. Nxc7 a5 38. Nb5 Kf6 39. Nc7 Ke5 40. Ne8 Kf4 41. Nc7 Ke3
42. Nd5+ Kd2 43. Nf4 Nec5 44. Ra2 Bd3 45. Kf2 Kc2 0-1

[Event "Mistrzostwa Polski Juniorow do lat 18 - Dziewczeta"]
[Site "Ustron – Jaszowiec"]
[Date "1899-12-30"]
[Round "4.14"]
[White "Stochnialek, Dominika"]
[Black "Daliga, Anita"]
[Result "1/2-1/2"]
[WhiteTitle "I"]
[BlackTitle "I+"]
[WhiteElo "1499"]
[BlackElo "1543"]

1. e4 c6 2. d4 d5 3. exd5 cxd5 4. c4 Nf6 5. Nc3 Nc6 6. Nf3 Bg4 7. cxd5 Nxd5 8.
Bc4 e6 9. Nxd5 exd5 10. Qe2+ Be7 11. Bb5 O-O 12. Bxc6 Bb4+ 13. Kf1 bxc6 14. Be3
Qf6 15. a3 Bxf3 16. Qxf3 Qxf3 17. gxf3 Bd6 18. Rc1 Rfc8 19. Kg2 Kf8 20. f4 Ke8
21. Rc3 Kd7 22. Rhc1 a5 23. Rb3 Rab8 24. Rxb8 Rxb8 25. Rc2 Rb3 26. Kf3 a4 27.
Ke2 Kc7 28. Kd1 Be7 29. Rd2 Bf6 30. Kc1 Be7 31. Kc2 Bf6 32. Rd3 Rxd3 33. Kxd3
Kb6 34. Kc2 Be7 35. Kc3 Kb5 36. b4 Kb6 37. Kd3 Kc7 38. Ke2 Kd7 39. Kf3 f5 40.
h3 g6 41. Ke2 h6 42. f3 Kc7 43. Kd3 Bh4 44. Bd2 Kb6 45. Kc3 Kb5 46. Kd3 Bf2 47.
Kc3 1/2-1/2

[Event "Mistrzostwa Polski Juniorow do lat 18 - Dziewczeta"]
[Site "Ustron – Jaszowiec"]
[Date "1899-12-30"]
[Round "4.15"]
[White "Jakubowska, Urszula"]
[Black "Kalinowska, Karolina"]
[Result "1-0"]
[WhiteTitle "I"]
[BlackTitle "I"]
[WhiteElo "1412"]
[BlackElo "1525"]

1. Nf3 d5 2. e3 Nf6 3. h3 e6 4. b3 Bd6 5. Bb2 O-O 6. d4 Nbd7 7. Bd3 b6 8. O-O Bb7
9. Nbd2 Ne4 10. c3 f5 11. Re1 Qf6 12. Qe2 Qh6 13. Nf1 Rf6 14. N3h2 Rg6 15. Kh1
Qh4 16. Bxe4 fxe4 17. f4 Rf8 18. c4 Nf6 19. Rec1 c5 20. Qe1 Qxe1 21. Rxe1 Nh5
22. Rac1 Ba6 23. Ng4 Rc8 24. Kg1 Nf6 25. Nxf6+ Rxf6 26. Nd2 Rff8 27. g4 h6 28.
Rf1 cxd4 29. Bxd4 Bc5 30. Bxc5 Rxc5 31. Rfe1 Rfc8 32. Kf2 b5 33. b4 R5c7 34. c5
Bb7 35. Nb3 a6 36. Nd4 e5 37. fxe5 Re8 38. e6 Bc8 39. Red1 g6 40. Kg3 Kg7 41.
h4 Kf6 42. Rf1+ Ke5 43. Rf7 Ree7 44. Rxe7 Rxe7 45. Nc6+ Kxe6 46. Nxe7 Kxe7 47.
Rf1 Be6 48. Kf4 Kd7 49. g5 hxg5+ 50. Kxg5 d4 51. exd4 Bf5 52. h5 1-0

[Event "Mistrzostwa Polski Juniorow do lat 18 - Dziewczeta"]
[Site "Ustron – Jaszowiec"]
[Date "1899-12-30"]
[Round "4.16"]
[White "Wierzbowska, Aleksandra"]
[Black "Hampel, Anna"]
[Result "1-0"]
[WhiteTitle "I"]
[BlackTitle "I+"]
[WhiteElo "1573"]
[BlackElo "1630"]

1. d4 d5 2. c4 e6 3. Nf3 Nf6 4. Nc3 Be7 5. Bf4 O-O 6. e3 a6 7. Bd3 dxc4 8. Bxc4
b5 9. Bd3 Bb7 10. Qc2 Nbd7 11. Rd1 Rc8 12. Be5 h6 13. Bxf6 Nxf6 14. O-O b4 15.
Ne4 Nd5 16. Nc5 Bxc5 17. dxc5 Qe8 18. Ne5 Ne7 19. Qb3 Nd5 1-0

[Event "Mistrzostwa Polski Juniorow do lat 18 - Dziewczeta"]
[Site "Ustron – Jaszowiec"]
[Date "1899-12-30"]
[Round "4.17"]
[White "Ziziuk, Martyna"]
[Black "Walkowiak, Bogumila"]
[Result "1/2-1/2"]
[WhiteTitle "I"]
[BlackTitle "II+"]
[WhiteElo "1529"]
[BlackElo "1345"]

1. c4 e6 2. Nc3 d5 3. cxd5 exd5 4. d4 Nf6 5. Bg5 Be7 6. Nf3 c6 7. e3 Bf5 8. Bd3
Bxd3 9. Qxd3 Nbd7 10. O-O O-O 11. a3 Nb6 12. Nd2 Qd7 13. f3 Rad8 14. Kh1 h6 15.
Bh4 Nh7 16. Bxe7 Qxe7 17. b4 f5 18. Rfe1 Ng5 19. Ne2 Rde8 20. Nf4 Qf7 21. Rac1
Ne6 22. Nh3 Qf6 23. f4 Rf7 24. Nf3 Nc4 25. Ne5 Nxe5 26. fxe5 Qh4 27. Rf1 Ref8
28. Nf4 Nxf4 29. exf4 g5 30. Qg3 Qxg3 31. hxg3 Kg7 32. Kg1 Re7 33. Kf2 Kf7 34.
Rh1 Kg6 35. Rc5 Re6 36. Rhc1 a6 37. a4 Rc8 38. Kf3 g4+ 39. Ke3 Kf7 40. b5 axb5
41. axb5 Ke7 42. Rxd5 Ra8 43. bxc6 Ra3+ 44. Kf2 Ra2+ 45. Kg1 bxc6 46. Rdc5 Kd7
47. d5 cxd5 48. Rxd5+ Ke8 49. Rcd1 Kf7 50. Rd7+ Kg6 51. R1d6 Rxd6 52. exd6 Rd2
53. Rd8 Kf7 54. d7 Ke7 55. Re8+ Kxd7 56. Re5 Rd1+ 57. Kh2 Rd6 58. Rxf5 Ke6 59.
Rf8 Ke7 60. Rg8 h5 61. Rg5 Rh6 62. Kg1 Kf6 63. Kf2 Rh8 64. Re5 Kg6 65. Ke3 Rb8
66. Rd5 Re8+ 67. Re5 Rb8 1/2-1/2

[Event "Mistrzostwa Polski Juniorow do lat 18 - Dziewczeta"]
[Site "Ustron – Jaszowiec"]
[Date "1899-12-30"]
[Round "5.1"]
[White "Dmochowska, Agnieszka"]
[Black "Antolak, Julia"]
[Result "0-1"]
[WhiteTitle "WCM"]
[BlackTitle "WFM"]
[WhiteElo "2133"]
[BlackElo "2102"]

1. e4 c5 2. c3 d5 3. exd5 Qxd5 4. d4 Nf6 5. Nf3 e6 6. Be3 Nc6 7. h3 cxd4 8. cxd4
Bb4+ 9. Nc3 Bd7 10. Bd3 Rc8 11. O-O Bxc3 12. bxc3 Na5 13. Ne5 Rxc3 14. Qd2 Rc8
15. Bg5 Nc6 16. Bc4 Qxd4 17. Qxd4 Nxd4 18. Rad1 Nc6 19. Bxf6 Nxe5 20. Bxe5 Rxc4
21. Bxg7 Rg8 22. Bf6 Rg6 23. Be5 Bc6 24. f3 Rg5 25. Bf6 Rd5 26. a3 Rc2 27. Rxd5
Bxd5 28. Rf2 Rc4 29. Rd2 Kd7 30. Kf2 b5 31. Rb2 Kc6 32. Be7 a5 33. Ke2 f5 34.
Kd3 e5 35. Ke3 e4 36. Bd8 Rc3+ 37. Kd4 Rxa3 38. Rc2+ Bc4 39. Ke5 e3 0-1

[Event "Mistrzostwa Polski Juniorow do lat 18 - Dziewczeta"]
[Site "Ustron – Jaszowiec"]
[Date "1899-12-30"]
[Round "5.2"]
[White "Marczuk, Anna"]
[Black "Kiolbasa, Oliwia"]
[Result "0-1"]
[WhiteTitle "k"]
[BlackTitle "WIM"]
[WhiteElo "2001"]
[BlackElo "2204"]

1. Nf3 c5 2. e4 Nc6 3. d4 cxd4 4. Nxd4 Nf6 5. Nc3 e5 6. Ndb5 d6 7. Bg5 a6 8. Na3
b5 9. Bxf6 gxf6 10. Nd5 f5 11. Bd3 Be6 12. c3 Bg7 13. Nxb5 axb5 14. Bxb5 Bd7 15.
exf5 O-O 16. O-O e4 17. a4 Re8 18. Qg4 Kh8 19. Rfd1 Rb8 20. Qf4 Be5 21. Qh6 Rg8
22. Re1 Rg4 23. g3 Rg7 24. Rxe4 Bxf5 25. Ree1 Na7 26. Qd2 Nxb5 27. axb5 Rxb5 28.
f4 Be6 29. Nb4 Qb6+ 30. Kg2 Qb7+ 31. Kg1 Bf6 32. Qxd6 Be7 33. Qd3 Bc5+ 34. Kf1
Rg8 35. Ke2 Bg4+ 36. Kd2 Rxb4 37. cxb4 Bxb4+ 38. Kc2 Rc8+ 39. Kb1 Bxe1 0-1

[Event "Mistrzostwa Polski Juniorow do lat 18 - Dziewczeta"]
[Site "Ustron – Jaszowiec"]
[Date "1899-12-30"]
[Round "5.3"]
[White "Pluta, Natalia"]
[Black "Parol, Pola"]
[Result "1/2-1/2"]
[WhiteTitle "I++"]
[BlackTitle "k+"]
[WhiteElo "1811"]
[BlackElo "1960"]

1. c4 Nf6 2. g3 e6 3. Bg2 d5 4. d4 Bb4+ 5. Bd2 Bxd2+ 6. Nxd2 O-O 7. Ngf3 Nbd7 8.
O-O b6 9. Rc1 Bb7 10. c5 bxc5 11. dxc5 c6 12. e4 Nxe4 13. Nxe4 dxe4 14. Nd2 Ba6
15. Nxe4 Bxf1 16. Kxf1 Ne5 17. Nd6 Qc7 18. b4 Rab8 19. f4 Ng6 20. Qa4 Ne7 21.
a3 Nd5 22. Qa6 Rfd8 23. Kg1 h6 24. Be4 Ne7 25. Rd1 Rd7 26. Kg2 Nd5 27. Kg1 Rbd8
28. Bxd5 exd5 29. Re1 Rxd6 30. cxd6 Qb6+ 31. Qxb6 axb6 32. Re7 Rxd6 33. Kf2 c5
34. bxc5 bxc5 35. Rc7 c4 36. Ke3 Ra6 37. Kd4 Ra5 38. f5 Kf8 39. g4 Ke8 40. h4
Kf8 41. g5 hxg5 42. hxg5 Rxa3 43. Kxd5 Rg3 44. Rxc4 Rxg5 45. Rc8+ Ke7 46. Rc7+
Kf6 47. Ke4 Rg4+ 48. Kf3 Ra4 49. Rb7 Rh4 50. Rb5 Kg5 51. Ke3 f6 52. Rb7 Kxf5 53.
Rxg7 Rh3+ 54. Kf2 Kf4 55. Kg2 Ra3 56. Rb7 Rg3+ 57. Kf2 Rf3+ 58. Kg2 Re3 59. Kf2
Rf3+ 60. Kg2 Rd3 61. Rb4+ Ke3 62. Kg3 Rd5 63. Rb3+ Ke4 64. Rb4+ Kf5 65. Rb3 Kg5
66. Ra3 Rd4 67. Kf3 f5 68. Kg3 Rg4+ 69. Kf2 Rc4 70. Kg3 Rh4 71. Ra5 Rg4+ 72. Kf3
Rf4+ 73. Kg3 Rc4 74. Ra3 Rb4 75. Rc3 Rg4+ 76. Kf2 f4 77. Rc8 Rh4 78. Rg8+ Kf5
79. Rf8+ Kg4 80. Rg8+ 1/2-1/2

[Event "Mistrzostwa Polski Juniorow do lat 18 - Dziewczeta"]
[Site "Ustron – Jaszowiec"]
[Date "1899-12-30"]
[Round "5.4"]
[White "Murawko, Julia"]
[Black "Cieslak, Wiktoria"]
[Result "1-0"]
[WhiteTitle "I++"]
[BlackTitle "k++"]
[WhiteElo "1733"]
[BlackElo "1957"]

1. e4 c5 2. Nf3 d6 3. d4 Nf6 4. Bd3 cxd4 5. Nxd4 a6 6. Nc3 e5 7. Nde2 Be7 8. O-O
O-O 9. Kh1 Be6 10. f4 Qc7 11. f5 Bc4 12. Ng3 Nbd7 13. Qf3 b5 14. a3 Nb6 15. Bg5
Qd8 16. Bxf6 Bxf6 17. Nh5 Bg5 18. Qg4 g6 19. f6 Bh6 20. Bxc4 bxc4 21. Ng3 Kh8
22. Rad1 Rg8 23. Nge2 Ra7 24. Rf3 g5 25. Ng3 Rg6 26. Rdf1 Rb7 27. b3 cxb3 28.
cxb3 Bf8 29. Nge2 Rc7 30. Qf5 Rc5 31. Rg3 Nd7 32. Qg4 Nxf6 33. Qf3 Bg7 34. Rd1
Kg8 35. Qe3 Nd7 36. Nd5 g4 37. Qd3 a5 38. Nec3 Bf8 39. Qe2 h5 40. Rgd3 Rc6 41.
b4 axb4 42. axb4 Nf6 43. Nxf6+ Qxf6 44. Nd5 Qe6 45. Rf1 Be7 46. Ra3 Qd7 47. Ra8+
Kg7 48. b5 Rc5 49. b6 Bf6 50. Qa6 Rb5 51. Qa4 Qc6 52. Ra6 Qc5 53. Ra7 h4 54. Nc7
Qxb6 55. Nxb5 h3 56. Qc4 Kh6 57. Rxf7 Bh4 58. g3 Bg5 59. Qc7 1-0

[Event "Mistrzostwa Polski Juniorow do lat 18 - Dziewczeta"]
[Site "Ustron – Jaszowiec"]
[Date "1899-12-30"]
[Round "5.5"]
[White "Dwilewicz, Katarzyna"]
[Black "Jurkiewicz, Zuzanna"]
[Result "1-0"]
[WhiteTitle "k"]
[BlackTitle "I+"]
[WhiteElo "1933"]
[BlackElo "1603"]

1. e4 e5 2. Nf3 Nc6 3. Bb5 Nf6 4. d3 a6 5. Bxc6 bxc6 6. Nxe5 Bb7 7. O-O Be7 8.
Nc3 O-O 9. Bf4 d5 10. Qf3 Qc8 11. Rfe1 Re8 12. Bg3 d4 13. Ne2 c5 14. Nc4 Rb8 15.
Nf4 Qd8 16. h3 Bd6 17. Nxd6 cxd6 18. Bh4 Re5 19. Nh5 Re6 20. Bxf6 gxf6 21. Qg4+
Kf8 22. Qg7+ Ke7 23. Qxh7 Qh8 24. Qxh8 Rxh8 25. Ng7 Re5 26. f4 Rg8 27. fxe5 Rxg7
28. exd6+ Kxd6 29. Rf1 Rg6 30. Rf4 Bc8 31. Kh2 Ke5 32. Raf1 Rh6 33. g4 a5 34.
Kg3 a4 35. a3 Bd7 36. b3 axb3 37. cxb3 Be6 38. b4 cxb4 39. axb4 Bd7 40. R4f2 Rg6
41. Rb2 Rg8 42. b5 Rb8 43. b6 Bc8 44. Rb5+ Ke6 45. Ra1 Bd7 46. Rb4 Bc6 47. Ra7
Be8 48. h4 Bc6 49. h5 Be8 50. h6 Bc6 51. Rc7 Be8 52. b7 1-0

[Event "Mistrzostwa Polski Juniorow do lat 18 - Dziewczeta"]
[Site "Ustron – Jaszowiec"]
[Date "1899-12-30"]
[Round "5.6"]
[White "Kubicka, Anna"]
[Black "Topolan, Agata"]
[Result "1-0"]
[WhiteTitle "m"]
[BlackTitle "k+"]
[WhiteElo "2211"]
[BlackElo "1934"]

1. d4 d5 2. c4 c6 3. Nf3 Nf6 4. e3 a6 5. c5 Bg4 6. Qb3 Bxf3 7. Qxb7 Bxg2 8. Bxg2
Nbd7 9. Qxc6 e5 10. Nc3 Rc8 11. Qxa6 e4 12. Bh3 Ra8 13. Qc6 Rc8 14. Bxd7+ Qxd7
15. Qxd7+ Kxd7 16. b4 Ke6 17. a4 Nd7 18. Kd2 f5 19. Ba3 g5 20. b5 1-0